Grillo de Llanos Orientales (Registro nro. 4698)

Detalles MARC
000 -CABECERA
Campo de control 00462nam a2200169 a 4500
005 - FECHA Y HORA DE LA ULTIMA TRANSACCION
Campo de control 20140317101645.0
008 - ELEMENTOS DE LONGITUD FIJA—INFORMACION GENERAL
Campo de control 140317b1996 ck ||||| |||| 00| 0 spa d
041 ## - IDIOMA
Código de idioma para texto/pista de sonido o título separado Español
044 ## - PAÍS DE PUBLICACIÓN
País de publicación Colombia
090 ## - CLASIFICACIÓN LOCAL
Colección LB
Consecutivo 04195
100 ## - ASIENTO PRINCIPAL--NOMBRE PERSONAL
Nombre personal León M., Guillermo
245 ## - MENCION DE TITULO
Título Grillo de Llanos Orientales
Parte restante del título Biología hábitos y recomendaciones para su manejo
260 ## - PUBLICACION, DISTRIBUCION, ETC. (PIE DE IMPRENTA)
Lugar de publicación, distribución, etc. Villavicencio
Nombre del editor, distribuidor, etc. CORPOICA
Fecha de publicación, distribución, etc. 1996
300 ## - DESCRIPCION FISICA
Extensión 16 p.
942 ## - ELEMENTOS ADICIONALES (KOHA)
Tipo de ítem Impreso
Sistema de clasificación Local
945 ## - PROCESAMIENTO LOCAL
AAAA-MM-DD - Fecha de ingreso o modificacion 2005-07-21
Existencias
Withdrawn status Lost status Sistema de Clasificación Damaged status No para préstamo Colección Inventariado Ubicación Permanente Ubicación actual Fecha de adquisición Fuente de Valor Valor Total Checkouts Número topográfico Inventario / Código de Barras Date last seen Ejemplar Price effective from Forma de adquisición Tipo de material
    Local     Entomología Inventariado 2017 Villa de Leyva Villa de Leyva 21/07/2005 Instituto 39000.00   LB-04195 019462 04/12/2012 Ej. 1 04/12/2012   Libro